000 00261nam a22001217a 4500
041 _aENG
100 _aMajumdar .R
245 _aProduct Management In India
260 _aDelhi
_bPrentice Hall of India
_c2000
300 _a347
650 _aGAE
856 _uGAE
999 _c630
_d630